000 00204 a2200097 4500
001 5787
100 _aKline,M
245 _aMathematics & the physical world
260 _a
_bThomas
_c
090 _c4759
_d4759
942 _aNUST-CAE
_c
_c31110
999 _c240860
_d240860